Türkler dünyaya nasıl egemen olur (Record no. 1402)

000 -LEADER
fixed length control field 00887nmm a2200277 a 4500
001 - CONTROL NUMBER
control field ocm000552779
003 - CONTROL NUMBER IDENTIFIER
control field TR-IsHL
005 - DATE AND TIME OF LATEST TRANSACTION
control field 20201028121558.0
008 - FIXED-LENGTH DATA ELEMENTS--GENERAL INFORMATION
fixed length control field 130705s2007 tu tur
007 - PHYSICAL DESCRIPTION FIXED FIELD--GENERAL INFORMATION
fixed length control field cr cn
020 ## - INTERNATIONAL STANDARD BOOK NUMBER
International Standard Book Number 9789944159074
035 ## - SYSTEM CONTROL NUMBER
System control number 552779
-- (N$T)
050 04 - LIBRARY OF CONGRESS CALL NUMBER
Classification number DS26
Item number .T88 2007
090 04 - LOCALLY ASSIGNED LC-TYPE CALL NUMBER (OCLC); LOCAL CALL NUMBER (RLIN)
Classification number (OCLC) (R) ; Classification number, CALL (RLIN) (NR) DS26
Local cutter number (OCLC) ; Book number/undivided call number, CALL (RLIN) .T88 2007
100 1# - MAIN ENTRY--PERSONAL NAME
Personal name Tutar, Hilmi
245 10 - TITLE STATEMENT
Title Türkler dünyaya nasıl egemen olur
Medium [electronic resource] /
Statement of responsibility, etc. Hilmi Tutar
250 ## - EDITION STATEMENT
Edition statement 1. bs.
260 ## - PUBLICATION, DISTRIBUTION, ETC.
Place of publication, distribution, etc. İstanbul :
Name of publisher, distributor, etc. Bizim Kitaplar,
Date of publication, distribution, etc. 2007
300 ## - PHYSICAL DESCRIPTION
Extent 248 p.
650 #4 - SUBJECT ADDED ENTRY--TOPICAL TERM
Topical term or geographic name entry element Politika ve Uluslararası İlişkiler
650 #4 - SUBJECT ADDED ENTRY--TOPICAL TERM
Topical term or geographic name entry element Politics and International Relations
650 #0 - SUBJECT ADDED ENTRY--TOPICAL TERM
Topical term or geographic name entry element Türk halkları - Tarih
650 #0 - SUBJECT ADDED ENTRY--TOPICAL TERM
Topical term or geographic name entry element Turkic peoples
General subdivision History
650 #7 - SUBJECT ADDED ENTRY--TOPICAL TERM
Topical term or geographic name entry element HISTORY / Civilization
Source of heading or term bisacsh
856 40 - ELECTRONIC LOCATION AND ACCESS
Uniform Resource Identifier <a href="http://search.ebscohost.com/login.aspx?direct=true&scope=site&db=e011xww&AN=552779">http://search.ebscohost.com/login.aspx?direct=true&scope=site&db=e011xww&AN=552779</a>
Holdings
Withdrawn status Lost status Source of classification or shelving scheme Damaged status Not for loan Collection code Permanent Location Current Location Date acquired Total Checkouts Full call number Barcode Date last seen Price effective from Koha item type
        Online   Kıbrıs Amerikan Üniversitesi Kütüphanesi / American University of Cyprus Kıbrıs Amerikan Üniversitesi Kütüphanesi / American University of Cyprus 28.10.2020   DS26 .T88 2007 552779 28.10.2020 28.10.2020 E-Kitap
Devinim Yazılım Eğitim Danışmanlık tarafından Koha'nın orjinal sürümü uyarlanarak geliştirilip kurulmuştur.